Normal view
MARC view
- Chakraverty, A
Entry Personal Name
001 - CONTROL NUMBER
- control field: 4919
003 - CONTROL NUMBER IDENTIFIER
- control field: OSt
005 - DATE AND TIME OF LATEST TRANSACTION
- control field: 20210806110244.0
008 - FIXED-LENGTH DATA ELEMENTS
- fixed length control field: 210806|| aca||aabn | a|a d
040 ## - CATALOGING SOURCE
- Original cataloging agency: OSt
- Transcribing agency: OSt
100 ## - HEADING--PERSONAL NAME
- Personal name: Chakraverty, A
670 ## - SOURCE DATA FOUND
- Source citation: Work cat.: (OSt)8786: Chakraverty, A , Post harvest technology of cereals pulses and oilseeds / , 1988.
